01331cam a22002897a 4500001001000000003000500010005001700015008004100032010001000073011001000083035001000093040000900103245014000112246014600252260005900398300001000457490007800467501019600545650003700741650002900778650002500807650003600832650003400868700003300902700002800935830007800963000087142CHAP20250515062729.0010226d2000 mx r 00110 spa d a83615 a84587 a95111 cCHAP03aLa rentabilidad de la producción de maíz en el estado de México, 1996 /c/por Adrián Alarcón Belmont y Luis E. Chalita Tovar.1 aEl entorno educativo y familiar de las niñas y niños que asisten al proyecto primaria para niños migrantes en dos comunidades de Oaxaca aMontecillo, Méx. :bColegio de Postgraduados,c2000. a65 p.0 aComunicación en socioeconomía, estadística e informáticav; 4 (3) aEnc. con : El entorno educativo y familiar de las niñas y niños que asisten al proyecto primaria para niños migrantes en dos comunidades de Oaxaca /por Cristina Rivera Avila ...[et al.]17aMaízxCostos de producción214aMaízzMéxico (Edo.).14aMigración interna.14aNiños en comunidades rurales.14aOaxacaxCondiciones sociales.0 aAlarcón Belmont, Adrián.0 aRivera Avila, Cristina.00aComunicación en socioeconomía, estadística e informáticav; 4 (3)